[Event "SRB-chT (Women)"]
[Site "Novi Sad"]
[Date "2017.09.07"]
[Round "7.2"]
[White "Bozovic, Maja"]
[Black "Prudnikova, Svetlana"]
[Result "0-1"]
[WhiteElo "2015"]
[BlackElo "2265"]
[PlyCount "50"]
[EventDate "2017.09.01"]
[EventType "team-tourn"]
[EventRounds "11"]
[EventCountry "SRB"]
[SourceTitle "CBM 180 Extra"]
[Source "ChessBase"]
[SourceDate "2017.10.06"]
[SourceVersion "1"]
[SourceVersionDate "2017.10.06"]
[SourceQuality "1"]
[WhiteTeam "Cuprija Radnicki (W)"]
[BlackTeam "Goracici Jelica (W)"]
[WhiteTeamCountry "SRB"]
[BlackTeamCountry "SRB"]

1. d4 Nf6 2. c4 c5 3. d5 e6 4. Nc3 exd5 5. cxd5 d6 6. e4 g6 7. Bd3 Bg7 8. Nf3 0-0 9. Bg5 Bg4 10. h3 Bxf3 11. Qxf3 a6 12. a4 Nbd7 13. 0-0 Ne5 14. Qd1 Qb6 15. a5 Qxb2 16. Na4 Qd4 17. Be2 h6 18. Bxf6 Bxf6 19. Nb6 Qxd1 20. Raxd1 Rad8 21. Bg4 g5 22. f4 gxf4 23. Rxf4 Bg5 24. Rf5 Be3+ 25. Kh1 f6 0-1

[Event "YUG-ch (Women)"]
[Site "Belgrade"]
[Date "1993.??.??"]
[Round "3"]
[White "Markov, Vesna"]
[Black "Bozovic, Maja"]
[Result "1/2-1/2"]
[WhiteElo "2165"]
[BlackElo "2070"]
[PlyCount "22"]
[EventDate "1993.??.??"]
[EventType "swiss"]
[EventRounds "11"]
[EventCountry "YUG"]
[SourceTitle "EXT 2002"]
[Source "ChessBase"]
[SourceDate "2001.11.25"]
[SourceVersion "1"]
[SourceVersionDate "2001.11.25"]
[SourceQuality "1"]

1. d4 Nf6 2. Nf3 e6 3. Bg5 Be7 4. e3 c5 5. c3 0-0 6. Bd3 d5 7. Nbd2 Nbd7 8. 0-0 b6 9. e4 dxe4 10. Nxe4 Bb7 11. Ng3 Qc7 1/2-1/2

[Event "YUG-Cup (Women)"]
[Site "Pula"]
[Date "1989.??.??"]
[Round "?"]
[White "Bozovic, Maja"]
[Black "Milivojevic, Slobodanka"]
[Result "0-1"]
[WhiteElo "2010"]
[BlackElo "2080"]
[PlyCount "66"]
[EventDate "1989.??.??"]
[EventType "team"]
[EventRounds "5"]
[EventCountry "YUG"]
[SourceTitle "EXT 1997"]
[Source "ChessBase"]
[SourceDate "1996.11.15"]
[SourceVersion "1"]
[SourceVersionDate "1996.11.15"]
[SourceQuality "1"]

1. d4 Nf6 2. c4 c5 3. d5 b5 4. cxb5 a6 5. f3 g6 6. e4 d6 7. Nc3 Bg7 8. bxa6 Bxa6 9. Bxa6 Nxa6 10. Nge2 0-0 11. 0-0 Nd7 12. Bg5 h6 13. Be3 Ne5 14. b3 Qa5 15. Qd2 Kh7 16. h3 Nd7 17. f4 Nc7 18. Rac1 Nb5 19. Nxb5 Qxb5 20. e5 dxe5 21. fxe5 Nxe5 22. Rxc5 Qd3 23. Rc2 Qa6 24. Bc5 Rac8 25. Bxe7 Qa7+ 26. Kh1 Qxe7 27. Nf4 Qd7 28. Rfc1 Rxc2 29. Rxc2 h5 30. Qb4 Qf5 31. Rc1 Bh6 32. g3 Nd3 33. Nxd3 Qxh3+ 0-1